Teaching information literacy reframed 50+ framework-based exercises for creating information-literate learners /

Bibliographic Details
Main Author: Burkhardt, Joanna M.
Corporate Author: ProQuest (Firm)
Format: Electronic eBook
Language:English
Published: Chicago : Neal-Schuman, c2016.
Subjects:
Online Access:Click to View
LEADER 01267nam a2200325Ia 4500
001 EBC3001585
003 MiAaPQ
005 20200520144314.0
006 m o d |
007 cr cn|||||||||
008 030326s2016 ilu sb 001 0 eng d
020 |z 9780838913970 
020 |a 9780838914519 
035 |a (MiAaPQ)EBC3001585 
035 |a (Au-PeEL)EBL3001585 
035 |a (CaPaEBR)ebr10179781 
035 |a (OCoLC)923563507 
040 |a MiAaPQ  |c MiAaPQ  |d MiAaPQ 
050 4 |a ZA3075  |b .B87 2016 
082 0 4 |a 028.7/071/1  |2 21 
100 1 |a Burkhardt, Joanna M. 
245 1 0 |a Teaching information literacy reframed  |h [electronic resource] :  |b 50+ framework-based exercises for creating information-literate learners /  |c Joanna M. Burkhardt. 
260 |a Chicago :  |b Neal-Schuman,  |c c2016. 
300 |a xiv, 182 p. 
504 |a Includes bibliographical references and index. 
533 |a Electronic reproduction. Ann Arbor, MI : ProQuest, 2016. Available via World Wide Web. Access may be limited to ProQuest affiliated libraries. 
650 0 |a Information literacy  |x Study and teaching (Higher) 
655 4 |a Electronic books. 
710 2 |a ProQuest (Firm) 
856 4 0 |u https://ebookcentral.proquest.com/lib/matrademy/detail.action?docID=3001585  |z Click to View